Central Library OPAC University of Rajshahi

Rebels and ancestors; (Record no. 17894)

MARC details
000 -LEADER
fixed length control field 00980cam a22002771 4500
001 - CONTROL NUMBER
control field 17894
003 - CONTROL NUMBER IDENTIFIER
rucl marc code BD-RjUL
005 - DATE AND TIME OF LATEST TRANSACTION
control field 20211209000216.0
008 - FIXED-LENGTH DATA ELEMENTS--GENERAL INFORMATION
fixed length control field 140219s1953 mau b 001 0 eng
035 ## - SYSTEM CONTROL NUMBER
System control number (BD-RjUL)17952
040 ## - CATALOGING SOURCE
Original cataloging agency DLC
Transcribing agency DLC
Modifying agency DLC
-- BD-RjUL
Language of cataloging eng
041 ## - LANGUAGE CODE
Language code of text/sound track or separate title eng
082 00 - DEWEY DECIMAL CLASSIFICATION NUMBER
Classification number 813.409
Author mark and year GER
100 1# - MAIN ENTRY--PERSONAL NAME
Personal name Geismar, Maxwell David,
Dates associated with a name 1909-
9 (RLIN) 51789
245 10 - TITLE STATEMENT
Title Rebels and ancestors;
Remainder of title the American novel, 1890-1915: Frank Norris, Stephen Crane, Jack London, Ellen Glasgow [and] Theodore Dreiser.
260 ## - PUBLICATION, DISTRIBUTION, ETC. (IMPRINT)
Place of publication, distribution, etc. Boston :
Name of publisher, distributor, etc. Houghton Mifflin,
Date of publication, distribution, etc. 1953.
300 ## - PHYSICAL DESCRIPTION
Pagination xii, 435 p. ;
Size 22 cm.
490 0# - SERIES STATEMENT
Series statement His The novel in America
504 ## - BIBLIOGRAPHY, ETC. NOTE
Bibliography, etc Includes Bibliography: p. [417]-424 and index.
650 #0 - SUBJECT ADDED ENTRY--TOPICAL TERM
Topical term or geographic name as entry element American fiction
Chronological subdivision 20th century
General subdivision History and criticism.
9 (RLIN) 52286
Topical term or geographic name as entry element American fiction
Chronological subdivision 19th century
General subdivision History and criticism.
9 (RLIN) 55215
Topical term or geographic name as entry element Dissenters in literature.
9 (RLIN) 55216
942 ## - ADDED ENTRY ELEMENTS (KOHA)
Source of classification or shelving scheme Dewey Decimal Classification
Koha item type Books
Holdings
Lost status Source of classification or shelving scheme Damaged status Not for loan Collection code Permanent Location Current Location Shelving location Date acquired Source of acquisition Cost, normal purchase price Total Checkouts Full call number Date last seen Copy number Koha item type
  Dewey Decimal Classification   Not For Loan Fiction Central Library, University of Rajshahi Central Library, University of Rajshahi Reading Room 25/02/1958 U. S. I. S. 0.00   813.409 GER 1953 19/02/2014 C-1 Books